[Event "Floripa Chess Open 2024"]
[Site "Florianopolis"]
[Date "2024.01.25"]
[Round "7.116"]
[White "Da Fonseca Pinto, Joao Gabriel Alves"]
[Black "Da Costa, Mariana Nara Santan"]
[Result "1-0"]
[WhiteElo "1808"]
[BlackElo "1544"]
[PlyCount "61"]
[EventDate "2024.01.20"]
[EventRounds "10"]
[EventCountry "BRA"]

1. e4 e5 2. Nf3 Nf6 3. Nxe5 d6 4. Nf3 Nxe4 5. d4 d5 6. Bd3 Be7 7. O-O O-O 8.
Re1 Nf6 9. c3 Bg4 10. Bg5 Nbd7 11. Nbd2 h6 ({RR} 11... Bh5 12. Nf1 Re8 13. Ng3
Bg6 14. Nf5 Bf8 15. Ne5 Re6 16. Nxg6 Rxe1+ 17. Qxe1 hxg6 18. Ng3 c5 19. Bxg6
Qb6 20. dxc5 Qxb2 21. Rb1 Qxa2 22. Rxb7 Re8 23. Qb1 Qxb1+ 24. Bxb1 Nxc5 25. Rb5
Re1+ 26. Nf1 {Jimenez Fernandez,R (1915)-Hernandez Estevez,Y (2192) Linares
ESP 2018 0-1}) 12. Bh4 b6 $146 ({RR} 12... c6 13. Qc2 Re8 14. h3 Bxf3 15. Nxf3
Nf8 16. Bg3 Bd6 17. Rxe8 Nxe8 18. Ne5 Nf6 19. Re1 Qc7 20. Bh4 g5 21. Bg3 Re8
22. c4 N8d7 23. cxd5 cxd5 24. Qxc7 Bxc7 {1/2-1/2 (24) Bott,T (1902)
-Podjavorinsky,P (1704) Slovakia 2006}) ({RR} 12... c5 13. dxc5 Nxc5 14. Nb3
Nce4 15. Bxf6 Nxf6 16. Nbd4 a6 17. Qb3 Qc7 18. h3 Bxf3 19. Nxf3 Rfe8 20. Re2
Bd6 21. Rae1 Qd7 22. Kf1 Kf8 23. Bb1 Rxe2 24. Rxe2 Re8 25. Rxe8+ Kxe8 26. Bd3 {
1/2-1/2 (26) Wetscherek,G (2123)-Matt,F (2188) Oberwart 2011}) 13. h3 Bxf3 14.
Nxf3 c5 15. Rc1 c4 16. Bb1 b5 17. a3 a5 18. Ne5 Rc8 19. Qc2 g5 20. Bg3 Kg7 21.
Qf5 Rh8 22. Nxd7 Nxd7 23. Qxd5 b4 24. axb4 axb4 25. Bf5 bxc3 26. bxc3 Ba3 27.
Qxd7 Bxc1 28. Be5+ Kf8 29. Qxc8 Qxc8 30. Bxc8 Bd2 31. Re2 1-0

[Event "Floripa Chess Open 2024"]
[Site "Florianopolis"]
[Date "2024.01.25"]
[Round "7.117"]
[White "Correia, Pedro Bavaresco"]
[Black "Moreira, Everaldo Bonifacio"]
[Result "1-0"]
[WhiteElo "1796"]
[BlackElo "1541"]
[PlyCount "57"]
[EventDate "2024.01.20"]
[EventRounds "10"]
[EventCountry "BRA"]

1. d4 Nf6 2. c4 e6 3. g3 d5 4. Bg2 Bb4+ 5. Nd2 O-O 6. Ngf3 c6 7. O-O Re8 ({RR} 
7... b6 8. Qc2 Bb7 9. e4 Na6 10. a3 Be7 11. b4 c5 12. cxd5 exd5 13. e5 Nd7 14.
h4 Nc7 15. dxc5 bxc5 16. Nb3 Rc8 17. Ng5 g6 18. Nxc5 Nxc5 19. bxc5 Ne6 20. Nxe6
fxe6 21. Be3 Ba6 22. Rfd1 {Eljanov,P (2675)-Werle,J (2566) Wijk aan Zee 2007
1-0 (46)}) ({RR} 7... Nbd7 8. a3 Bd6 9. Qc2 a5 10. b3 b6 11. e4 dxe4 12. Nxe4
Nxe4 13. Qxe4 Bb7 14. Bb2 Nf6 15. Qe2 Re8 16. Rad1 Qc7 17. Rfe1 c5 18. dxc5
Bxc5 19. Bxf6 gxf6 20. Qb2 Qe7 21. b4 axb4 22. axb4 {Kiseljova,M (2031)
-Minhazuddin,A (2217) chess.com INT 2023 0-1 (55)}) 8. a3 Bf8 $146 ({RR} 8...
Bd6 9. Qc2 Nbd7 10. e4 Nxe4 11. Nxe4 dxe4 12. Qxe4 Nf6 13. Qc2 c5 14. Rd1 Qe7
15. dxc5 Bxc5 16. b4 Bb6 17. Bf4 Bc7 18. Bxc7 Qxc7 19. a4 Bd7 20. a5 Rac8 21.
Rac1 e5 22. Qb2 Bc6 23. Nh4 {Lukashov,V-Hornak,V Balatonboglar 1996 1-0 (46)})
9. Qc2 Nbd7 10. e4 dxc4 11. Nxc4 Nb6 12. Nce5 h6 13. Be3 Nbd7 14. Rad1 Qe7 15.
Nc4 Rd8 16. e5 Nd5 17. Nd6 f5 18. Bd2 g5 19. h4 g4 20. Ng5 Bg7 21. Ngf7 Rf8 22.
Nxh6+ Kh7 23. Bg5 Bf6 24. Nxc8 Raxc8 25. exf6 N7xf6 26. Nxg4 Kh8 27. Bxd5 cxd5
28. Qxc8 fxg4 29. Qc2 1-0

[Event "Floripa Chess Open 2024"]
[Site "Florianopolis"]
[Date "2024.01.25"]
[Round "7.118"]
[White "Vieira, Luana Saddi"]
[Black "Silva, Ezequiel Demetras"]
[Result "0-1"]
[WhiteElo "1501"]
[BlackElo "1793"]
[PlyCount "108"]
[EventDate "2024.01.20"]
[EventRounds "10"]
[EventCountry "BRA"]

1. e4 c5 2. Nf3 d6 3. c3 Nf6 4. Bd3 Nc6 5. h3 e5 6. Bc2 d5 7. Qe2 ({RR} 7. exd5
Qxd5 8. d3 Be6 9. O-O h6 10. Qe2 c4 11. Nbd2 cxd3 12. Bxd3 O-O-O 13. Bc4 Qd6
14. Re1 g5 15. Bb5 Bg7 16. Nc4 Bxc4 17. Qxc4 Rhe8 18. Qxf7 Re7 19. Qc4 Rc7 20.
Bxc6 Rxc6 21. Qa4 Ra6 {Aronian,L (2773)-Jones,G (2670) chess24.com INT 2020
1-0 (69)}) ({RR} 7. exd5 Qxd5 8. Qe2 Be7 9. d3 O-O 10. Nbd2 Bf5 11. Ne4 Rad8
12. Bg5 Rfe8 13. g4 Bg6 14. Bxf6 Bxf6 15. h4 Be7 16. h5 Bxe4 17. dxe4 Qe6 18.
Bb3 Qxg4 19. Bd5 Qf4 20. Qe3 Qxe3+ 21. fxe3 Bf6 {Martinez Alcantara,J (2619)
-Tabatabaei,M (2683) chess.com INT 2023 1-0 (52)}) 7... Be7 $146 ({RR} 7... d4
8. d3 a6 9. a4 Be7 10. Na3 O-O 11. Nc4 Qc7 12. Bd2 Be6 13. O-O h6 14. Na3 Rab8
15. Rfc1 b5 16. axb5 axb5 17. cxd4 cxd4 18. Qd1 Rfc8 19. Bb3 Qd6 20. Nb1 Nd7
21. Ne1 Nc5 22. Bc2 {Catalkilic,O (1914)-Eldemir,G (1701) Konya 2014 0-1 (64)})
8. O-O dxe4 9. Bxe4 Nxe4 10. Qxe4 Bf6 11. d3 O-O 12. Be3 Qd6 13. Na3 b6 14. Nc4
Qc7 15. Bg5 Bxg5 16. Nxg5 g6 17. Qh4 f6 18. Ne4 Kg7 19. f4 exf4 20. Rxf4 f5 21.
Raf1 Be6 22. Ng5 Bg8 23. Qf2 h6 24. Ne4 Bxc4 25. dxc4 Ne5 26. Qe3 fxe4 27. Rxf8
Rxf8 28. Rxf8 Kxf8 29. Qxh6+ Kg8 30. Qd2 Nd3 31. Qe3 Qf7 32. Qxe4 Qf2+ 33. Kh2
Qf4+ 34. Qxf4 Nxf4 35. b4 Ne2 36. bxc5 bxc5 37. a3 Kf7 38. g4 Kf6 39. h4 Nxc3
40. Kg3 Ne4+ 41. Kf4 Nd6 42. a4 a5 43. h5 g5+ 44. Kf3 Nxc4 45. Ke4 Nb6 46. Kd3
Nxa4 47. Kc4 Nb6+ 48. Kxc5 a4 49. Kb4 Nd5+ 50. Kxa4 Ne3 51. Kb4 Nxg4 52. Kc4
Kf5 53. Kd3 Kf4 54. Ke2 Kg3 0-1

[Event "Floripa Chess Open 2024"]
[Site "Florianopolis"]
[Date "2024.01.25"]
[Round "7.119"]
[White "Silva, Gabryel Lunardi Car"]
[Black "Pavao, Alice Lara Biasi"]
[Result "1-0"]
[WhiteElo "1790"]
[BlackElo "1517"]
[PlyCount "81"]
[EventDate "2024.01.20"]
[EventRounds "10"]
[EventCountry "BRA"]

1. e4 c5 2. Nf3 g6 3. d4 cxd4 4. Qxd4 Nf6 5. Nc3 Nc6 6. Qa4 d6 7. e5 dxe5 8.
Nxe5 Bd7 9. Nxd7 Qxd7 10. Be3 Bg7 11. Rd1 Qc8 12. Be2 O-O 13. O-O a6 14. Qh4
Qc7 ({RR} 14... b5 15. a3 Ne5 16. Bc1 Ra7 17. a4 bxa4 18. Qxa4 e6 19. Rd6 Nfd7
20. Be3 Qc7 21. Rxa6 Rxa6 22. Qxa6 Rb8 23. Bc1 Nc5 24. Qa3 Qc6 25. Rd1 Bf8 26.
Qa2 Ne4 27. Nxe4 Qxe4 28. Bd3 Nxd3 29. cxd3 {Ponomariov,R (2731)-Giri,A (2734)
Beijing 2013 1/2-1/2 (90)}) ({RR} 14... b5 15. Bh6 Qc7 16. Bf3 Rad8 17. Bf4 Qc8
18. Rfe1 Nd4 19. Rxe7 Nf5 20. Rxd8 Qxd8 {0-1 (20) Taichman,O (2307)-Finek,V  
(2416) chess.com INT 2023}) 15. Bh6 $146 ({RR} 15. Bf4 Qb6 16. Na4 Qb4 17. b3
Rad8 18. Bg3 Ne4 19. Bd3 Nxg3 20. hxg3 Qxh4 21. gxh4 Nb4 22. Be4 b5 23. Nc5
Nxa2 24. Nxa6 Nc3 25. Rxd8 Rxd8 26. Bd3 e5 27. f3 f5 28. Re1 Rd4 29. Nc5 Rxh4 {
Bugayev,V-Gurevich,D (2399) chess.com INT 2021 0-1 (50)}) ({RR} 15. Na4 Rac8
16. c4 Qa5 17. b3 Rb8 18. Bb6 Qf5 19. Bd3 Qh5 20. Qxh5 Nxh5 21. Be4 Nf6 22.
Bxc6 bxc6 23. Rfe1 Rfe8 24. Ba5 Bf8 25. Bc3 Bg7 26. g3 Ra8 27. Kg2 Kf8 28. Bb4
Ra7 29. Nc5 Rb8 {Getz,N (2386)-Aguiar,H (2188) Porto 2015 1-0 (62)}) 15... Rfd8
16. Bxg7 Kxg7 17. Ne4 Qe5 18. Nxf6 exf6 19. Bd3 Qxb2 20. Rb1 Qxa2 21. Rxb7 Ne5
22. Rb6 Nxd3 23. Qxf6+ Kg8 24. cxd3 Rxd3 25. h4 Rb3 26. Rd6 Qa5 27. Rfd1 Rbb8
28. R1d5 Qe1+ 29. Kh2 Re8 30. h5 Qe7 31. Qf4 Red8 32. h6 Rxd6 33. Rxd6 a5 34.
Rd1 a4 35. Qd4 Qf8 36. Qd2 a3 37. g4 a2 38. Ra1 Qb8+ 39. Kh3 Ra3+ 40. Kg2 Qb5
41. Qd8+ 1-0

[Event "Floripa Chess Open 2024"]
[Site "Florianopolis"]
[Date "2024.01.25"]
[Round "7.120"]
[White "Nakata, Thifanni Harumi"]
[Black "Nicacio, Daniel Ramos"]
[Result "0-1"]
[WhiteElo "1785"]
[BlackElo "1479"]
[PlyCount "164"]
[EventDate "2024.01.20"]
[EventRounds "10"]
[EventCountry "BRA"]

1. d4 {Edouard,R} d6 2. c4 Nd7 3. Nc3 e5 4. e4 Ngf6 5. Nf3 g6 6. Be2 Bg7 7. O-O
O-O 8. Be3 Re8 9. dxe5 dxe5 10. Qc2 ({RR} 10. b4 c6 11. c5 Nh5 12. Nd2 Nf4 13.
Nc4 Nxe2+ 14. Qxe2 Qe7 15. Rab1 Nf8 16. Nd6 Rd8 17. Na4 ({RR} 17. b5 Ne6 18.
Rfd1 Nd4 19. Qd3) 17... Ne6 18. Nb2 b5 19. a4 a6 20. Ra1 Rb8 21. axb5 axb5 22.
Ra3 ({RR} 22. Nd3 Nf4 23. Bxf4 exf4 24. e5 Bf5 25. Ra6 ({RR} 25. Nxf5 gxf5)
25... Bxd3 26. Qxd3 Qxe5 27. Rxc6 Bf8 28. Rd1) 22... Nf4 23. Qd2 Be6 24. g3 Nh5
{Vallejo Pons,F (2716)-Nakamura,H (2753) Sao Paulo/Bilbao 2011 CBM 145  
[Edouard,R] 1-0 (40)} ({RR} 24... Nh3+ 25. Kg2 Nf4+ 26. Kh1 ({RR} 26. gxf4 Qh4)
26... Nh3)) ({RR} 10. h3 c6 11. c5 Nh5 12. Re1 Nf4 13. Bf1 Ne6 14. b4 Ndf8 15.
Ne2 a5 16. a3 Qc7 17. Qc2 Nf4 18. Nxf4 exf4 19. Bd4 Bxd4 20. Nxd4 Be6 21. Nf3
Nd7 22. Qc3 axb4 23. axb4 Rad8 24. Rad1 Nf8 {Nesterov,A (2522)-Sadhwani,R  
(2616) chess.com INT 2022 0-1 (83)}) 10... Qe7 $146 ({RR} 10... c6 11. b4 Qe7
12. c5 Nf8 13. Rad1 a5 14. a3 Nh5 15. Nd2 Nf4 16. Nc4 N8e6 17. Nd6 Rf8 18. Na4
Nd4 19. Bxd4 exd4 20. Nb6 Bh3 21. Bf3 Qg5 22. g3 Bxf1 23. Kxf1 Ne6 24. Nxa8
Rxa8 25. Bg2 {Figura,L (2191)-Borisova,E (2139) Samara 2004 1-0 (73)}) ({RR} 
10... c6 11. Rfd1 Qc7 12. h3 Nh5 13. Rac1 Nf4 14. Bf1 Bf8 15. a3 Nc5 16. b4
Nce6 17. c5 Bg7 18. g3 Nh5 19. Kh2 Bd7 20. Rd2 Rad8 21. Rcd1 Bc8 22. Rd6 Bf8
23. R6d2 Rxd2 24. Rxd2 Rd8 25. Qd1 {Rivera,C-Lokvenc,J Amsterdam 1954 1/2-1/2 
(38)}) 11. Rfd1 Nf8 12. h3 h5 13. Rab1 b6 14. b4 Bb7 15. Nd5 Nxd5 16. cxd5 Qd6
17. b5 Nh7 18. Bd2 a5 19. Rbc1 Rac8 20. Be3 Nf6 21. Nh2 Bf8 22. g4 hxg4 23.
hxg4 Nd7 24. Kg2 Nc5 25. g5 Be7 26. Bf3 Kg7 27. Ng4 Rh8 28. Rh1 Rxh1 29. Rxh1
Rh8 30. Qd1 Qd8 31. Rxh8 Qxh8 32. Qa1 Bd6 33. Bf4 Nd7 34. Qc3 Kg8 35. Bg3 Kf8
36. Bd1 Kg8 37. Qf3 Qg7 38. Bb3 Nc5 39. Nf6+ Kf8 40. Qc3 a4 41. Bd1 Qh8 42.
Bxe5 Qh4 43. Bxd6+ cxd6 44. Qg3 Qxg3+ 45. Kxg3 a3 46. Bc2 Bc8 47. f4 Ke7 48. e5
Bf5 49. Bxf5 gxf5 50. Kf3 Na4 51. Ke3 Nc3 52. Kd3 Nxa2 53. Kc2 Nb4+ 54. Kb3 a2
55. Kb2 dxe5 56. fxe5 Nd3+ 57. Kxa2 Nxe5 58. Kb3 Kd6 59. Kc3 Ng4 60. Ng8 Kxd5
61. Nh6 Ne5 62. Nxf5 Kc5 63. Nd4 Nc4 64. Nc6 Nd6 65. Ne5 Ne4+ 66. Kd3 Nxg5 67.
Ke3 Kxb5 68. Kf4 Ne6+ 69. Ke4 Nd8 70. Kd5 Ka4 71. Nd3 b5 72. Kd4 Ne6+ 73. Kc3
f5 74. Nb2+ Ka3 75. Nd3 f4 76. Kd2 b4 77. Kc2 b3+ 78. Kb1 f3 79. Nf2 Nd4 80.
Nd3 Ne2 81. Nf2 b2 82. Nd1 f2 0-1

[Event "Floripa Chess Open 2024"]
[Site "Florianopolis"]
[Date "2024.01.25"]
[Round "7.121"]
[White "Pavao, Fabio Biasi"]
[Black "Philippi, Enzo Grotto"]
[Result "1-0"]
[WhiteElo "1783"]
[BlackElo "1471"]
[PlyCount "61"]
[EventDate "2024.01.20"]
[EventRounds "10"]
[EventCountry "BRA"]

1. c4 e5 2. g3 Nf6 3. Bg2 Bc5 4. Nc3 O-O 5. e3 Nc6 6. Nge2 d5 ({RR} 6... a6 7.
d4 Ba7 8. d5 Ne7 9. d6 Nf5 10. dxc7 Qxc7 11. b3 d6 12. Ba3 Rd8 13. O-O Be6 14.
Rc1 Rac8 15. Qd2 Qa5 16. Nb1 Qxd2 17. Nxd2 Nxe3 18. Rfe1 Nxg2 19. Kxg2 d5 20.
Be7 Rd7 21. Bxf6 {Navara,D (2663)-Movsesian,S (2645) Prague 2005 0-1 (36)}) 7.
d4 exd4 8. exd4 Bb6 $146 ({RR} 8... Bb4 9. O-O dxc4 10. d5 Ne5 11. Qd4 Re8 12.
Bf4 Nfd7 13. Ne4 Qe7 14. b3 Bc5 15. Nxc5 Qxc5 16. Rfc1 Nd3 17. Rxc4 Nxf4 18.
Qxf4 Qa5 19. Nd4 Re1+ 20. Rxe1 Qxe1+ 21. Bf1 Nf6 22. Qc1 Qa5 23. Rxc7 {Popelka,
O (2094)-Kula,D (1906) Tabor 2013 1/2-1/2}) ({RR} 8... Bb4 9. cxd5 Nxd5 10. O-O
Nxc3 11. bxc3 Bd6 12. c4 Bg4 13. Be3 Re8 14. Rb1 Bxe2 15. Qxe2 Nxd4 16. Qb2 Nf5
17. Qxb7 Nxe3 18. fxe3 Rb8 19. Qxb8 Qxb8 20. Rxb8 Rxb8 21. Bd5 Rf8 22. Rb1 Bc5
23. Kf2 {Boder,J (2334)-Rychagov,A (2549) chess.com INT 2022 0-1 (48)}) ({RR} 
8... Bb4 9. cxd5 Nxd5 10. O-O Be6 11. a3 Ba5 12. Ne4 Bg4 13. f3 Bc8 14. b4 Bb6
15. Kh1 Re8 16. Ra2 Be6 17. Rc2 Bf5 18. Rc4 Qe7 19. g4 Be6 20. Rc2 Rad8 21. h3
h6 22. b5 Na5 23. N2g3 {Delaney,J (2205)-Skembris,S (2400) Luzern 1982 0-1 (34)
}) 9. c5 Ba5 10. O-O Bf5 11. Bg5 Bxc3 12. Nxc3 h6 13. Bxf6 Qxf6 14. Nxd5 Qxd4
15. Ne7+ Kh8 16. Nxf5 Qxc5 17. Qg4 Qe5 18. Rfe1 Qf6 19. Bxc6 bxc6 20. b3 Kh7
21. Rac1 g6 22. Ne3 Rfe8 23. Nc4 a5 24. Rxe8 Rxe8 25. Ne3 Qb2 26. Qc4 Re6 27.
Rc2 Qe5 28. Qf4 Qa1+ 29. Kg2 Re7 30. Qc4 Re6 31. Qc3 1-0

[Event "Floripa Chess Open 2024"]
[Site "Florianopolis"]
[Date "2024.01.25"]
[Round "7.122"]
[White "Toffoli, Vanessa"]
[Black "Da Cruz, Karoliny Taiane"]
[Result "1/2-1/2"]
[WhiteElo "1466"]
[BlackElo "1774"]
[PlyCount "49"]
[EventDate "2024.01.20"]
[EventRounds "10"]
[EventCountry "BRA"]

1. e4 e5 2. f4 d5 3. exd5 exf4 4. Nf3 Nf6 5. Nc3 Nxd5 6. Nxd5 Qxd5 7. d4 Be7 8.
Be2 O-O ({RR} 8... g5 9. O-O Bf5 10. c4 Qd6 11. c5 Qf6 12. Qb3 Nc6 13. Qxb7 O-O
14. Kh1 Nxd4 15. Nxd4 Qxd4 16. Qxc7 Qxc5 17. Qxc5 Bxc5 18. g3 Rae8 19. Bf3 g4
20. Bc6 Re6 21. Bb7 Rb8 22. Bd5 Rd8 23. Bb7 {Jenni,F (2456)-Oparin,G (2652)
chess.com INT 2020 0-1}) 9. Bxf4 c5 10. Be3 $146 ({RR} 10. O-O Nc6 11. dxc5
Bxc5+ 12. Kh1 Qe4 13. Bg3 Bg4 14. Bd3 Qe7 15. Re1 Qf6 16. c3 Rad8 17. Rf1 Bd6
18. Bh4 Qh6 19. Qc2 Ne5 20. Bxd8 Nxd3 21. Be7 Bxf3 22. Bxd6 Bxg2+ 23. Qxg2 Qxd6
24. Qxb7 Nf4 {Jones,G-Rotberg,V USA 1998 1-0 (64)}) ({RR} 10. O-O cxd4 11. Ne5
Bf6 12. Bc4 Qc5 13. Qd3 Bxe5 14. Bxe5 Qxe5 15. Rae1 Qd6 16. Rxf7 Kh8 17. Re4
Rxf7 18. Bxf7 Bd7 19. Rxd4 Qe7 20. Rf4 Nc6 21. Bb3 Be6 22. c4 Rd8 23. Qe3 Qd7
24. h3 Nd4 {Monte,P (2117)-Wheeler,J (2187) Dresden 2006 0-1 (44)}) 10... cxd4
11. Qxd4 Be6 12. Qxd5 Bxd5 13. O-O Bf6 14. Rad1 Bc6 15. Bd4 Nd7 16. Bc4 Rad8
17. Bxf6 Nxf6 18. Rxd8 Rxd8 19. Ne5 Bd5 20. Rd1 Kf8 21. Ng4 Nxg4 22. Rxd5 Re8
23. Rd1 Rc8 24. Bb3 Ne5 25. h3 1/2-1/2

[Event "Floripa Chess Open 2024"]
[Site "Florianopolis"]
[Date "2024.01.25"]
[Round "7.123"]
[White "Silva Rosas, Natalia"]
[Black "Borgonovo, Fabiano"]
[Result "1-0"]
[WhiteElo "1754"]
[BlackElo "1466"]
[PlyCount "109"]
[EventDate "2024.01.20"]
[EventRounds "10"]
[EventCountry "BRA"]

1. e4 e5 2. d4 Nf6 3. Bc4 Nc6 4. Bg5 ({RR} 4. dxe5 Nxe5 5. Bb3 Bb4+ 6. Nc3 O-O
7. Bg5 h6 8. Bh4 a5 9. a3 Bxc3+ 10. bxc3 a4 11. Ba2 Re8 12. Ne2 Ng6 13. Bxf6
Qxf6 14. O-O Rxe4 15. Ng3 Re7 16. f4 Nf8 17. f5 Re5 18. Nh5 Qg5 {Benderac,S  
(2245)-Timoshenko,G (2555) Tivat 1995 0-1}) ({RR} 4. c3 d5 5. dxe5 Nxe5 6. exd5
c6 7. dxc6 Qc7 8. Bb3 Qxc6 9. Be3 Qxg2 10. Qd4 Nc6 11. Qf4 Qxh1 12. Qg3 Ne4 13.
Qg4 Bxg4 14. Kf1 Bh3+ 15. Ke2 Qxg1 16. Bd5 Qf1+ 17. Kf3 Qg2+ 18. Ke2 Ne7 {
Zijdemans,E (439)-Van Soest,I (410) Waalwijk 2011 0-1 (34)}) 4... Nxd4 5. c3
Ne6 6. Nf3 Bd6 $146 ({RR} 6... d6 7. Qb3 Be7 8. Nbd2 c6 9. a4 Rb8 10. Rd1 O-O
11. Be3 Qa5 12. Qc2 b5 13. b4 Qc7 14. Ba2 a5 15. O-O axb4 16. cxb4 bxa4 17.
Qxa4 d5 18. exd5 Nxd5 19. Bxd5 cxd5 20. Rc1 Qd8 21. Bc5 {Navratil,P (1913)
-Roques,P (2050) France 2006 0-1 (32)}) 7. Qb3 O-O 8. O-O Nc5 9. Qc2 c6 10.
Nbd2 b5 11. Be2 a5 12. b4 Ne6 13. Qd3 Be7 14. Rfb1 axb4 15. cxb4 h6 16. Be3 Ng4
17. a3 Nxe3 18. fxe3 d6 19. Rd1 Qb6 20. Kh1 Bb7 21. Nf1 Rfd8 22. Ng3 Ng5 23.
Nf5 Qc7 24. Rf1 Rab8 25. Rac1 c5 26. Nxg5 Bxg5 27. Bf3 c4 28. Qe2 g6 29. Ng3
Qb6 30. Rc3 Qc7 31. a4 Bc6 32. a5 Rf8 33. Qc2 h5 34. Ne2 Qa7 35. Qd2 Be7 36.
Ng1 Rbd8 37. Qf2 f5 38. Qg3 g5 39. exf5 h4 40. Qg4 d5 41. Nh3 Bxb4 42. Rcc1 Qg7
43. a6 e4 44. Bd1 Bd2 45. Rc2 Bxe3 46. Re2 d4 47. Ra2 d3 48. a7 c3 49. Bb3+ Kh8
50. Ra6 Ba8 51. Qh5+ Qh7 52. Rh6 Rd7 53. f6 c2 54. f7 c1=Q 55. Rxh7# 1-0

[Event "Floripa Chess Open 2024"]
[Site "Florianopolis"]
[Date "2024.01.25"]
[Round "7.124"]
[White "Fuxz, Diego"]
[Black "Fernandes, Beatriz"]
[Result "0-1"]
[WhiteElo "1749"]
[BlackElo "1431"]
[PlyCount "105"]
[EventDate "2024.01.20"]
[EventRounds "10"]
[EventCountry "BRA"]

1. c4 e5 2. Nc3 Nc6 3. Nf3 f5 4. g3 Nf6 5. d4 e4 6. Ng5 ({RR} 6. Nh4 g6 7. Bg5
Bg7 8. Qd2 d6 9. Bh3 Kf7 10. d5 Ne5 11. b3 h6 12. Be3 Qe7 13. O-O f4 14. Bxc8
Raxc8 15. Bxf4 g5 16. Bxe5 gxh4 17. Bd4 Nh5 18. Bxg7 Kxg7 19. Qd4+ Nf6 20. f3
hxg3 {Zvjaginsev,V (2671)-Popov,V (2579) Moscow 2003 1-0 (47)}) 6... h6 ({RR} 
6... Bb4 7. Nh3 d5 8. c5 b6 9. cxb6 axb6 10. Bg2 O-O 11. O-O Bxc3 12. bxc3 Ba6
13. Nf4 Qd7 14. h4 Bc4 15. Bh3 Bxa2 16. f3 Bc4 17. Rxa8 Rxa8 18. fxe4 Nxe4 19.
Kh2 Nxc3 20. Qc2 Ne4 21. Nxd5 {Brodowski,P (2450)-Bharath,S (2490) chess.com
INT 2022 0-1}) 7. Nh3 Bb4 8. Bg2 $146 ({RR} 8. Qd2 O-O 9. a3 Bxc3 10. Qxc3 d6
11. e3 Qe7 12. b4 Nd8 13. Nf4 Kh7 14. h4 Ne6 15. Ne2 c6 16. Qc2 a5 17. bxa5
Rxa5 18. Bd2 Ra8 19. Bh3 g6 20. O-O Bd7 21. Rfb1 Rfb8 22. Rb6 Bc8 {Stoykov,
S-Batic,B Laguna 1996 1-0 (37)}) 8... O-O 9. O-O d5 10. cxd5 Nxd5 11. Nxd5 Qxd5
12. e3 Bd6 13. f3 exf3 14. Bxf3 Qb5 15. a4 Qb6 16. Bd5+ Kh8 17. Nf4 Bxf4 18.
Rxf4 Bd7 19. Ra3 Nb4 20. a5 Qb5 21. Bg2 Be6 22. Bd2 Nd5 23. Rf1 Nf6 24. Qc2 Ne4
25. Rc1 c6 26. Be1 Rad8 27. a6 bxa6 28. Bf1 Qb8 29. Rxa6 Bd5 30. Rca1 Rd7 31.
b4 g5 32. Bc4 Kg7 33. Bxd5 cxd5 34. Qc6 Rd6 35. Rxa7+ Rf7 36. Qa8 Qxa8 37. Rxa8
Rb6 38. Rd8 Nf6 39. Raa8 Rfb7 40. Kg2 g4 41. Kf2 Ne4+ 42. Ke2 Nf6 43. Kd3 Kf7
44. Bd2 Rb5 45. Bc1 Ke7 46. Rh8 h5 47. Kc2 Kf7 48. Ra6 Kg7 49. Rc8 Nd7 50. Rcc6
Nb6 51. Rg6+ Kxg6 52. Kb3 Kg7 53. Ka3 0-1

[Event "Floripa Chess Open 2024"]
[Site "Florianopolis"]
[Date "2024.01.25"]
[Round "7.125"]
[White "Lunelli, Neuri Antonio"]
[Black "Cabral, Vivian De Paiva"]
[Result "0-1"]
[WhiteElo "1744"]
[BlackElo "1358"]
[PlyCount "47"]
[EventDate "2024.01.20"]
[EventRounds "10"]
[EventCountry "BRA"]

1. c4 e5 2. g3 d5 3. Bg2 dxc4 4. Qa4+ Bd7 5. Qxc4 Nc6 6. d3 ({RR} 6. Nf3 Nf6 7.
O-O Bd6 8. Nc3 O-O 9. d3 a6 10. Bg5 h6 11. Bxf6 Qxf6 12. Ne4 Qe7 13. a3 Be6 14.
Qc2 Na5 15. b4 Nc6 16. Rfc1 f5 17. Nc5 Bxc5 18. Qxc5 Qf6 19. b5 axb5 20. Qxb5
e4 {Kostiukov,A (2271)-Calin,A (2189) chess.com INT 2023 0-1 (33)}) 6... Nf6 7.
Nf3 Bd6 $146 ({RR} 7... Rb8 8. O-O Be7 9. h3 O-O 10. a3 Be6 11. Qc2 Bd5 12. e4
Be6 13. b4 Qd7 14. Kh2 Rfd8 15. Bb2 Qxd3 16. Qxd3 Rxd3 17. Nxe5 Nxe5 18. Bxe5
Rc8 19. f4 Nd7 20. Bb2 Nb6 21. f5 Bb3 22. e5 {Arns,A (1891)-Houtsma,S (1798)
Wiesbaden 2017 0-1 (60)}) 8. Ng5 Qe7 9. Bd2 h6 10. Ne4 Nxe4 11. Bxe4 f5 12. Bf3
O-O-O 13. a3 Nd4 14. O-O Nxf3+ 15. exf3 Bc6 16. f4 exf4 17. Bxf4 Bxf4 18. Qxf4
Rhf8 19. d4 g5 20. Qe5 Qd7 21. Rd1 Rfe8 22. Qc5 Qxd4 23. Qxf5+ Kb8 24. Nc3 0-1

[Event "Floripa Chess Open 2024"]
[Site "Florianopolis"]
[Date "2024.01.25"]
[Round "7.126"]
[White "Bieging, Luca Jurgen"]
[Black "De Sousa, Alex Aecio"]
[Result "1-0"]
[WhiteElo "1436"]
[BlackElo "1742"]
[PlyCount "114"]
[EventDate "2024.01.20"]
[EventRounds "10"]
[EventCountry "BRA"]

1. e4 c5 2. Nf3 g6 3. d4 cxd4 4. Nxd4 Bg7 5. Nc3 Nc6 6. Be3 Qa5 7. Qd2 Nf6 8.
f3 O-O 9. O-O-O d5 ({RR} 9... a6 10. h4 b5 11. Nb3 Qc7 12. h5 Ne5 13. hxg6 fxg6
14. Nd5 Nxd5 15. Qxd5+ e6 16. Qxa8 Nc6 17. Nc5 Qe5 18. c3 b4 19. f4 Qc7 20.
cxb4 Nxb4 21. Kb1 d6 22. Rc1 dxc5 23. Bxc5 Bb7 24. Bxf8 {Golubev,M (2461)
-Danielyan,V (2307) chess.com INT 2023 1-0}) 10. exd5 $146 ({RR} 10. Nb3 Qc7
11. exd5 Na5 12. Nxa5 Qxa5 13. Bc4 Bf5 14. g4 Bd7 15. Bh6 Bxh6 16. Qxh6 Rac8
17. Bb3 Rxc3 18. bxc3 Qxc3 19. Qf4 a5 20. Kb1 b5 21. d6 e6 22. Rd3 Qc5 23. Qxf6
a4 24. Qd4 Qc8 {Domany,Z (2101)-Donko,M (2040) Kecskemet 2005 1-0 (32)}) ({RR} 
10. Nb3 Qc7 11. exd5 Rd8 12. Bf4 Qb6 13. Qe1 Nb4 14. Qxe7 Bf5 15. Be3 Bh6 16.
Bxh6 Re8 17. Qc5 Bxc2 18. Qxb6 axb6 19. Bb5 Bxd1 20. Rxd1 Rec8 21. Kb1 Nh5 22.
a3 Na6 23. d6 f6 24. d7 Rd8 {Simola,T (2080)-Latvio,E Salo 1998 1-0 (31)})
10... Nb4 11. Kb1 Nbxd5 12. a3 Nxe3 13. Qxe3 Nd5 14. Nxd5 Qxd5 15. Be2 Qc4 16.
Qe4 e5 17. Nb3 Qc7 18. Bd3 Be6 19. g4 b5 20. h4 a5 21. h5 a4 22. Nc1 Rab8 23.
hxg6 hxg6 24. c3 Rfd8 25. Qe3 b4 26. cxb4 Rbc8 27. Ne2 e4 28. Qxe4 Bb3 29. Rc1
Qd6 30. Rxc8 Rxc8 31. Rc1 Rxc1+ 32. Nxc1 Qf6 33. Qe8+ Kh7 34. Qe2 Bd1 35. g5
Qd4 36. Qh2+ Kg8 37. f4 Bg4 38. Ka1 Kf8 39. b5 Kg8 40. Qc2 Be6 41. Kb1 Qxf4 42.
b6 Be5 43. Bxg6 Qxg5 44. Be4 f5 45. Qxa4 Qf4 46. Qe8+ Kg7 47. Qe7+ Kh8 48. Qxe6
Qxe4+ 49. Ka2 Qd4 50. Qb3 Qd2 51. Nd3 Bd6 52. Qc3+ Qxc3 53. bxc3 Kg7 54. a4 Kf6
55. a5 f4 56. a6 Kf5 57. a7 Ke4 1-0